| 000 | 00849nam a22002777a 4500 | ||
|---|---|---|---|
| 001 | BR7314082 | ||
| 003 | BR-BrBNA | ||
| 005 | 20230928084253.0 | ||
| 007 | ta | ||
| 008 | 230509b bl.||||| |||| 00| 0 por d | ||
| 040 |
_aBR-BrBNA _bpor _cBiblioteca Nacional de Agricultura |
||
| 041 | _a(Por) | ||
| 072 |
_aE15; E70; F00 _b0120 _b/G514 |
||
| 090 | _ 0120 BR7314082 | ||
| 100 | 1 | _aJunqueira, A.A.B. | |
| 100 | 1 | _aMonteiro, L.G.S. do R.M. | |
| 245 | 1 | _aSituacao atual e tendencia da cultura do milho [Brasil; Producao; Custo; Preco minimo] | |
| 260 | 3 |
_aPiracicaba, SP (Brasil): _c1965. |
|
| 300 | _avp. | ||
| 500 | _a34 ref. (*) Documento disponível na(o) Instituto de Economia Agricola, Sao Paulo, SP (Brazil) | ||
| 650 | _aMILHO | ||
| 650 | _aCUSTO | ||
| 650 | _aPRECO MINIMO | ||
| 909 |
_a202309 _bLucia _c55 _dLucia Elande |
||
| 942 | _cBK | ||
| 999 |
_c17826 _d17826 |
||